All 50k+ cities in New Jersey on a map - Statistics

General Stats
  • This quiz has been taken 572 times
    562 since last reset
  • The average score is 13 of 24
Answers on the Map
Answers color-coded by a green-red scale on the quiz's map according to % correct below.
 
Answer Stats
Hint Answer % Correct
307,220 Newark
95%
283,927 Jersey city
94%
90,457 Trenton
93%
71,773 Camden
82%
157,794 Paterson
80%
135,407 Elizabeth
79%
58,690 Hoboken
72%
107,626 Edison
60%
61,156 Vineland
60%
55,708 New Brunswick
58%
69,211 Bayonne
55%
69,633 Passaic
53%
94,650 Toms River
51%
68,903 East Orange
50%
65,638 Union City
50%
55,291 Perth Amboy
48%
89,367 Clifton
47%
71,300 Lakewood
44%
52,242 West New York
43%
74,903 Brick Township
34%
54,936 Plainfield
28%
60,612 North Bergen
26%
60,403 Irvington
24%
59,800 Union Township
8%
No matching quizzes found
Score Distribution
Percent of People with Each Score
Percentile by Number Answered
Your Score History
You have not taken this quiz since the last reset